LEADER 00783nam 2200289 450 001 996716297203316 005 20260404132000.0 010 $a88-15-01485-3 100 $a20260403d1987----km y0itay5003 ba 101 0 $aita 102 $aIT 105 $ay 00 y 200 1 $a<> stato federale$fAlexander Hamilton 210 $aBologna$cIl Mulino$d1987 215 $a219 p.$d22 cm 225 2 $aBiblioteca federalista 410 0$12001$aBiblioteca federalista 606 0 $aStati federali$2BNCF 676 $a342.042 700 1$aHAMILTON,$bAlexander$f<1757-1804>$0141010 801 0$aIT$bcba$gREICAT 912 $a996716297203316 951 $aXVI.8. 795$bFAVAG$cXVI.8.$d373176 959 $aBK 969 $aFAVAG 996 $aStato federale$9278360 997 $aUNISA